|
|
|
|
| LEADER |
00000nab a2200000 a 4500 |
| 001 |
vtls001028521 |
| 003 |
SK-MaSNL |
| 005 |
20260303190712.0 |
| 008 |
040720e20010118xo 0 slo |
| 035 |
|
|
|a SL7075
|
| 040 |
|
|
|a SLLK
|b slo
|c SLLK
|e AACR2
|
| 041 |
0 |
|
|a slo
|
| 044 |
|
|
|a xo
|c SK
|
| 080 |
|
|
|a 801
|2 1981
|
| 100 |
1 |
|
|a Dobák, Ján
|4 aut
|9 11417
|
| 245 |
1 |
0 |
|a Ako tá burina...
|b slovo o slovenčine
|
| 650 |
0 |
7 |
|a slovenčina
|2 SLLK
|9 1350
|
| 650 |
0 |
7 |
|a používanie
|2 SLLK
|9 630013
|
| 650 |
0 |
7 |
|a príspevky
|2 SLLK
|9 878241
|
| 651 |
|
7 |
|a SL,
|2 SLLK
|9 1022390
|
| 655 |
|
7 |
|a periodikum
|2 snkbucl
|9 29553
|
| 773 |
0 |
8 |
|t Ľubovnianske noviny
|g Roč. 27, č.3, 18.1.2001, s. 2
|
| 852 |
|
|
|a ZVYKNI
|b KIS3GCP
|
| 999 |
|
|
|c 2137580
|d 2139510
|